000 00457cam a2200145 4500500
005 20251012032643.0
041 _afre
042 _adc
100 1 0 _aMotoret, Laurence
_eauthor
245 0 0 _aLe dernier seuil dans l’actualité cinématographique
260 _c2025.
500 _a85
786 0 _nSigila | 55 | 1 | 2025-05-06 | p. 159-163 | 1286-1715
856 4 1 _uhttps://shs.cairn.info/revue-sigila-2025-1-page-159?lang=fr&redirect-ssocas=7080
999 _c1548002
_d1548002